000 01145nam a22002417a 4500
005 20250807164452.0
008 250113b ||||| |||| 00| 0 eng d
020 _a9789359981079
040 _cAL
041 _aEnglish
082 _223
_a620.802
_bAGAG
100 _aB M Agarwal and others
_9234604
245 _aGATE Tutor 2025
_b: Biotechnology
260 _aNew Delhi
_bArihant Publications India Limited
_c2025
300 _a771p
_bPB
_c26x20 cm
365 _a5996
_b₹765.00
_c
_d₹850.00
_e10%
_f10-1-2025
520 _a• All the chapters are divided into smaller units for easy learning & understanding • Each chapter has exercises with questions given as per the GATE pattern • Complete material for General Aptitude & Engineering Mathematics • Collection of Unit wise Numerical Answer Type Questions • Solved Papers to get familiarized with the examination format • Practice Sets based on the latest exam pattern
650 _aBiotechnology Entrance Exam
_9193156
650 _aCompetitive Examination
_9193157
700 _aAkansha Singhal
_9193158
700 _aGoel, Vidhika
_9193159
942 _2ddc
_cREF
999 _c233627
_d233627